000 00275nam a22001337a 4500
003 SGT
082 _a370
_bE16N
100 _aNAYAK, A.K.
245 _aEDUCATIONAL PSYCHOLOGY
260 _aNEW DELHI
_bAPH PUB
_c2016
300 _a377
650 _aEDUCATION
942 _2ddc
_cBK
999 _c12606
_d12606